000 00321nam a2200121Ia 4500
008 220204s9999 xx 000 0 und d
082 _a621.38
_bCOS
100 _aDaniel M
245 0 _aElectronic delivery of documents and graphics
260 _aNew York
_bVan Nostrand
_c1978
650 _aElectronic device
942 _cBK
999 _c37363
_d37363